Video in language teaching
Αποθηκεύτηκε σε:
| Κύριος συγγραφέας: | |
|---|---|
| Μορφή: | Βιβλίο |
| Γλώσσα: | English |
| Δημοσίευση: |
Cambridge, Cambridgeshire ; New York :
Cambridge University Press,
1984
|
| Σειρά: | New directions in language teaching
|
| Θέματα: | |
| Ετικέτες: |
Προσθήκη ετικέτας
Δεν υπάρχουν, Καταχωρήστε ετικέτα πρώτοι!
|
MARC
| LEADER | 00000nam a2200000 i 4500 | ||
|---|---|---|---|
| 001 | 1/79997 | ||
| 008 | 980910s1984 eng d | ||
| 020 | |a 0-521-27263-7 | ||
| 035 | |l 10033329 | ||
| 035 | |a 1988 |b 3 |c Πολεμικού | ||
| 040 | |a GR-MY-UA |b gre |e aacr | ||
| 041 | 0 | |a eng | |
| 082 | 0 | |a 418.007 |2 (19) | |
| 100 | 1 | |a Lonergan, Jack. | |
| 245 | 1 | 0 | |a Video in language teaching / |c Jack Lonergan |
| 260 | |a Cambridge, Cambridgeshire ; New York : |b Cambridge University Press, |c 1984 | ||
| 300 | |a vii, 133 p.; |b ill.; |c 24 cm | ||
| 490 | 1 | |a New directions in language teaching | |
| 504 | |a Βιβλιογραφία: σ. 126-129 | ||
| 504 | |a Περιέχει ευρετήριο | ||
| 650 | 0 | 0 | |a Language and languages |x Study and teaching |x Audio-visual aids. |
| 830 | 0 | |a New directions in language teaching | |
| 852 | |a INST |b RHODES |e 19980910 |h 418.0078 LON |p 005400003236 |q 005400003236 |t BK |y 0 | ||
| 909 | |a Ρ |b 011843 |c Πολεμικού | ||